02028nam a2200349 a 450000100100000000500170001000800410002702000180006804000250008608200260011111100730013724500450021026000380025530000210029349000390031450400330035350503350038665000280072165000310074965000300078065000340081070001080084470001040095270000920105671000560114883000480120491000370125295201390128995201240142895201090155299900170166100004356220260428073714.0140324s2012 dr 000 0 spa d a9789945412697 aDO-SdBNPbspacBNPHU aRD864.44bP925p, 20112 aPremio Ensayo Pedro Francisco Bonód(2011 :cSanto Domingo)97137210aPremio de ensayo Pedro Francisco Bonó. aSanto Domingo :bFUNGLODE,c2012. a276 p. ;c26 cm.1 aPremios FUNGLODE /GFDD 2011 Ensayo aBibliografía : p. 275 -2760 gPrimer lugar :tUna centuria tocando acordeón ;tDe Ñico Lora a Tatico Henríquez /rPedro Carreras Aguilera --gSegundo lugar :tAntropología del semáforo ;tEl comercio internacional de Santo Domingo /rBismar Galán --gTercer lugar :tAntihéroes onettianos ;tHabitantes de proyectos fallidos /rReynaldo Chevelier 0aEnsayos dominicanos965 0aLiteratura dominicana.967 0aPremios literarios 91542 4aCertámenes literarios9154112aCarreras Aguilera, Pedro.tUna centuria tocando acordeón ; De Ñico Lora a Tatico Henríquez97137312aGalán, Bismar.tAntropología del semáforo ; El comercio internacional de Santo Domingo97137412aChevalier, Reynaldo.tAntihéroes onettianos ; Habitantes de proyectos fallidos97137522aFundación Global Democracía y Desarrollo925477 0aPremios FUNGLODE - GFDD 2011pensayo971376 aValidado. Control de calidad MFF 001052708DSaGRbGRcHDd2014-03-25iLF1l0oRD864.44 P925p, 2011p43562-30r2020-06-25te. 3w2020-06-25yLFDSZPréstamo interno 0010718PDaPDbPDcHDd2014-03-25iLF1l0oRD864.44 P925p, 2011p43562-10r2020-06-25w2020-06-25yLFPDZNo se presta 0010718PDaPDbPDcHDd2014-03-25iLF1l0o e. 2p43562-20r2020-06-25w2020-06-25yLFPDZNo se presta c43051d43051